<?xml version="1.0" encoding="UTF-8"?>
<collection xmlns:xsi="http://www.w3.org/2001/XMLSchema-instance" xsi:schemaLocation="http://www.loc.gov/MARC21/slim http://www.loc.gov/standards/marcxml/schema/MARC21slim.xsd" xmlns="http://www.loc.gov/MARC21/slim">
 <record>
  <leader>00000namaa22000004a 4500</leader>
  <controlfield tag="001">UP-99849408841408526</controlfield>
  <controlfield tag="003">Buklod</controlfield>
  <controlfield tag="005">20230714125357.0</controlfield>
  <controlfield tag="006">a    gr     ||| u </controlfield>
  <controlfield tag="007">ta</controlfield>
  <controlfield tag="008">230714s2021    ph a    rm    00| 0|eng d</controlfield>
  <datafield tag="040" ind1="0" ind2=" ">
   <subfield code="a">DEDUC</subfield>
   <subfield code="e">rda</subfield>
  </datafield>
  <datafield tag="041" ind1="0" ind2=" ">
   <subfield code="a">eng</subfield>
  </datafield>
  <datafield tag="042" ind1=" " ind2=" ">
   <subfield code="a">DMLUC</subfield>
  </datafield>
  <datafield tag="090" ind1="0" ind2="0">
   <subfield code="a">LG 995 2021 E35</subfield>
   <subfield code="b">M33</subfield>
  </datafield>
  <datafield tag="100" ind1="1" ind2=" ">
   <subfield code="a">Mabini, Daniel  Adan</subfield>
   <subfield code="e">author</subfield>
  </datafield>
  <datafield tag="245" ind1="1" ind2="0">
   <subfield code="a">Improving persuasive speaking skills using the rouse-relate-respond (3Rs) template in an online learning environment</subfield>
   <subfield code="c">Daniel Adan Mabini ; thesis adviser, Nerissa O. Zara ; thesis reader, Lourdes R. Baetiong ; Diana G. Caluag, member.</subfield>
  </datafield>
  <datafield tag="264" ind1=" " ind2="1">
   <subfield code="a">Quezon City</subfield>
   <subfield code="b">College of Education, University of the Philippines Diliman</subfield>
   <subfield code="c">2021</subfield>
  </datafield>
  <datafield tag="300" ind1=" " ind2=" ">
   <subfield code="a">xii, 224 leaves</subfield>
   <subfield code="b">illustrations</subfield>
   <subfield code="c">28 cm.</subfield>
  </datafield>
  <datafield tag="336" ind1=" " ind2=" ">
   <subfield code="a">text</subfield>
   <subfield code="2">rdacontent</subfield>
  </datafield>
  <datafield tag="337" ind1=" " ind2=" ">
   <subfield code="a">unmediated</subfield>
   <subfield code="2">rdamedia</subfield>
  </datafield>
  <datafield tag="338" ind1=" " ind2=" ">
   <subfield code="a">volume</subfield>
   <subfield code="2">rdacarrier</subfield>
  </datafield>
  <datafield tag="502" ind1=" " ind2=" ">
   <subfield code="a">Thesis</subfield>
   <subfield code="b">(Master of Arts in Education - Language Education)</subfield>
   <subfield code="c">University of the Philippines Diliman</subfield>
   <subfield code="d">July 2021</subfield>
  </datafield>
  <datafield tag="520" ind1="0" ind2=" ">
   <subfield code="a">Public speaking remains to be a challenging task for non-native English public speakers due to communication apprehension (Bastida &amp; Yapo, 2019) and problems in organizing in organizing and outlining ideas (Lee &amp; Liang, 2012). Despite this, there is a dearth of local literature that addresses this concern (Del Villar, 2010), especially in public secondary schools. This study sought to determine how the use of an alternative rhetorical pedagogy-the 3Rs (Rouse-Relate-Respond) guided oral presentation (GOP) in an online learning environment - would improve persuasive speaking skills, specially structure and organization, content development, delivery, and confidence. The participants of the study were 18 grade 10 students from a public secondary school in Southern Tagalog province in the Philippines. Data were obtained through the Public Speaking Competence Rubric (Schreiber et al., 2012 in Mortaji, 2018), Personal Report of Public Speaking Anxiety (McCroskey, 1970), and Surveys on Students' Perception about Online Learning (Platt, Raile, &amp; Yu, 2014). Wilcoxon Signed Rank test was used to compute if there was a significant difference in the persuasive speaking skills of the participants before and after the training, while Pearson Product Moment Correlation was used to test the correlation between the online learning environment and the participants' persuasive speaking skills. Conceptual content analysis of the stimulated recall interview, pre-and posttest manuscripts, and PRPSA answers were used to gather qualitative data. The results showed that the participants' persuasive speaking skills improved after the training, but there was no significant correlation between the online learning environment where the investigation was conducted and the participants' improved persuasive speaking skills. The participants were able to demonstrate a careful choice of words, formulate an introduction that orients audience to the speaker and topic, show effective use of vocal expression and paralanguage, successfully adapt the presentation to the audience, and have lessened communication apprehension. Moreover, data revealed that use of the 3Rs template, direct instruction of skills, time for research and practice, and teacher's guidance helped improve the participants' persuasive speaking skills. The use of the 3Rs GOP template and the characteristics of the training that helped improve persuasive speaking skills were recommended as an alternative rhetorical pedagogy.</subfield>
  </datafield>
  <datafield tag="650" ind1="0" ind2="0">
   <subfield code="a">Public speaking</subfield>
   <subfield code="x">Study and teaching (Secondary)</subfield>
   <subfield code="z">Philippines</subfield>
   <subfield code="z">Southern Tagalog.</subfield>
  </datafield>
  <datafield tag="650" ind1="0" ind2="0">
   <subfield code="a">Communication</subfield>
   <subfield code="x">Study and teaching (Secondary)</subfield>
   <subfield code="z">Philippines</subfield>
   <subfield code="z">Southern Tagalog.</subfield>
  </datafield>
  <datafield tag="650" ind1="0" ind2="0">
   <subfield code="a">English language</subfield>
   <subfield code="x">Study and teaching (Secondary)</subfield>
   <subfield code="v">Foreign speakers.</subfield>
  </datafield>
  <datafield tag="650" ind1="0" ind2="0">
   <subfield code="a">English language</subfield>
   <subfield code="x">Rhetoric</subfield>
   <subfield code="v">Study and teaching (Secondary)</subfield>
  </datafield>
  <datafield tag="700" ind1="1" ind2=" ">
   <subfield code="a">Zara, Nerissa O.</subfield>
   <subfield code="e">thesis adviser.</subfield>
  </datafield>
  <datafield tag="700" ind1="1" ind2=" ">
   <subfield code="a">Baetiong, Lourdes R.</subfield>
   <subfield code="e">thesis reader.</subfield>
  </datafield>
  <datafield tag="700" ind1="1" ind2=" ">
   <subfield code="a">Caluag, Diana G.</subfield>
   <subfield code="e">member.</subfield>
  </datafield>
  <datafield tag="905" ind1=" " ind2=" ">
   <subfield code="a">FI</subfield>
  </datafield>
  <datafield tag="905" ind1=" " ind2=" ">
   <subfield code="a">UP</subfield>
  </datafield>
  <datafield tag="852" ind1="0" ind2=" ">
   <subfield code="a">UPD</subfield>
   <subfield code="b">DEDUC</subfield>
   <subfield code="h">LG 995 2021 E35</subfield>
   <subfield code="i">M33</subfield>
  </datafield>
  <datafield tag="942" ind1=" " ind2=" ">
   <subfield code="a">Thesis</subfield>
  </datafield>
 </record>
</collection>
